[Event "Malopolskie Chess Tour - Grupa Seniorska"]
[Site "Poronin"]
[Date "2022.01.08"]
[Round "6.1"]
[White "Kucharski, Tadeusz"]
[Black "Sadzikowski, Marian"]
[Result "0-1"]
[BlackElo "1763"]
[WhiteElo "1601"]
[LiveChessVersion "1.4.8"]

1. e4 {[%clk 1:30:59]} Nf6 {[%clk 1:30:20]} 2. Nc3 {[%clk 1:30:51]} d5
{[%clk 1:29:59]} 3. exd5 {[%clk 1:30:53]} Nxd5 {[%clk 1:30:16]} 4. Nxd5
{[%clk 1:31:08]} Qxd5 {[%clk 1:30:41]} 5. Qf3 {[%clk 1:31:12]} e6
{[%clk 1:29:31]} 6. Qxd5 {[%clk 1:30:36]} exd5 {[%clk 1:30:00]} 7. d4
{[%clk 1:30:51]} Bf5 {[%clk 1:29:51]} 8. c3 {[%clk 1:31:04]} Bd6 {[%clk 1:28:50]}
9. h3 {[%clk 1:29:51]} O-O {[%clk 1:29:01]} 10. g4 {[%clk 1:29:45]} Re8+
{[%clk 1:28:15]} 11. Kd1 {[%clk 1:29:17]} Be4 {[%clk 1:27:03]} 12. f3
{[%clk 1:29:30]} Bg6 {[%clk 1:27:28]} 13. Bg2 {[%clk 1:28:15]} Nd7
{[%clk 1:21:06]} 14. f4 {[%clk 1:21:10]} Be4 {[%clk 1:21:32]} 15. Bxe4
{[%clk 1:21:00]} Rxe4 {[%clk 1:20:52]} 16. Ne2 {[%clk 1:16:50]} Rae8
{[%clk 1:20:34]} 17. Ng3 {[%clk 1:16:50]} R4e7 {[%clk 1:19:50]} 18. Nf5
{[%clk 1:16:49]} Re2 {[%clk 1:19:01]} 19. Nxd6 {[%clk 1:11:28]} cxd6
{[%clk 1:19:23]} 20. Bd2 {[%clk 1:11:41]} Rf2 {[%clk 1:18:43]} 21. Kc2
{[%clk 1:10:14]} Ree2 {[%clk 1:16:52]} 22. Rad1 {[%clk 1:10:06]} Rxf4
{[%clk 1:13:14]} 23. Rhe1 {[%clk 1:09:43]} Rff2 {[%clk 1:13:04]} 24. Kd3
{[%clk 1:08:52]} Re6 {[%clk 1:03:23]} 25. h4 {[%clk 1:01:25]} Nf6
{[%clk 1:02:27]} 26. Rxe6 {[%clk 0:58:05]} fxe6 {[%clk 1:02:51]} 27. c4
{[%clk 0:51:33]} dxc4+ {[%clk 1:01:16]} 28. Kxc4 {[%clk 0:51:41]} Nxg4
{[%clk 0:57:07]} 29. Kb5 {[%clk 0:50:11]} Nf6 {[%clk 0:55:43]} 30. a3
{[%clk 0:48:35]} Ne4 {[%clk 0:55:48]} 31. Bc1 {[%clk 0:47:52]} Kf7
{[%clk 0:55:30]} 32. a4 {[%clk 0:47:44]} h6 {[%clk 0:53:58]} 33. Rd3
{[%clk 0:47:12]} Rc2 {[%clk 0:53:55]} 34. Rd1 {[%clk 0:46:34]} d5
{[%clk 0:53:02]} 35. a5 {[%clk 0:45:53]} a6+ {[%clk 0:49:57]} 36. Kb6
{[%clk 0:44:44]} Nd6 {[%clk 0:50:07]} 37. Ka7 {[%clk 0:44:51]} Nc4
{[%clk 0:41:14]} 38. b4 {[%clk 0:42:23]} Nd6 {[%clk 0:35:07]} 39. Rf1+
{[%clk 0:41:56]} Ke7 {[%clk 0:34:25]} 40. Bf4 {[%clk 0:41:06]} Rc4
{[%clk 0:25:53]} 41. Bxd6+ {[%clk 0:37:27]} Kxd6 {[%clk 0:26:22]} 42. Rf7
{[%clk 0:35:57]} Rc7 {[%clk 0:26:02]} 43. Rf8 {[%clk 0:35:42]} Re7
{[%clk 0:22:06]} 44. Kb6 {[%clk 0:34:15]} e5 {[%clk 0:22:17]} 45. dxe5+
{[%clk 0:27:03]} Kxe5 {[%clk 0:22:09]} 46. Kc5 {[%clk 0:27:01]} Rc7+
{[%clk 0:17:04]} 47. Kb6 {[%clk 0:27:15]} Rd7 {[%clk 0:17:27]} 48. Kc5
{[%clk 0:26:58]} d4 {[%clk 0:17:18]} 49. Re8+ {[%clk 0:25:18]} Kf4 0-1

[Event "Malopolskie Chess Tour - Grupa Seniorska"]
[Site "Poronin"]
[Date "2022.01.08"]
[Round "6.2"]
[White "Zarow, Zdzislaw"]
[Black "Szydlowski, Kazimierz"]
[Result "0-1"]
[BlackElo "1749"]
[WhiteElo "1672"]
[LiveChessVersion "1.4.8"]

1. e4 {[%clk 1:30:57]} d5 {[%clk 1:30:47]} 2. exd5 {[%clk 1:30:52]} Qxd5
{[%clk 1:31:07]} 3. Nc3 {[%clk 1:30:48]} Qd6 {[%clk 1:31:29]} 4. Nb5
{[%clk 1:30:37]} Qd8 {[%clk 1:29:44]} 5. Nf3 {[%clk 1:29:49]} a6 {[%clk 1:29:37]}
6. Nc3 {[%clk 1:30:15]} c5 {[%clk 1:27:00]} 7. a4 {[%clk 1:28:07]} Nc6
{[%clk 1:25:59]} 8. Bc4 {[%clk 1:27:58]} Nf6 {[%clk 1:25:27]} 9. d3
{[%clk 1:28:07]} e6 {[%clk 1:18:27]} 10. O-O {[%clk 1:27:28]} Be7
{[%clk 1:18:12]} 11. Bg5 {[%clk 1:26:43]} O-O {[%clk 1:18:01]} 12. Re1
{[%clk 1:24:27]} Qc7 {[%clk 1:12:18]} 13. Qc1 {[%clk 1:16:52]} b6
{[%clk 1:07:15]} 14. Bxf6 {[%clk 1:13:52]} Bxf6 {[%clk 1:04:52]} 15. Ne4
{[%clk 1:14:21]} Be7 {[%clk 1:03:47]} 16. c3 {[%clk 1:14:32]} h6 {[%clk 0:55:43]}
17. Ba2 {[%clk 1:05:49]} Ne5 {[%clk 0:49:34]} 18. Nxe5 {[%clk 1:05:49]} Qxe5
{[%clk 0:50:01]} 19. f4 {[%clk 0:59:12]} Qc7 {[%clk 0:49:49]} 20. Qe3
{[%clk 0:58:24]} Bb7 {[%clk 0:48:06]} 21. Rad1 {[%clk 0:57:40]} Qc6
{[%clk 0:47:27]} 22. Bb3 {[%clk 0:55:41]} f5 {[%clk 0:43:31]} 23. Qh3
{[%clk 0:51:29]} fxe4 {[%clk 0:41:08]} 24. Bxe6+ {[%clk 0:51:38]} Kh8
{[%clk 0:40:37]} 25. Bd7 {[%clk 0:46:43]} Qf6 {[%clk 0:39:22]} 26. f5
{[%clk 0:46:40]} Bc8 {[%clk 0:36:14]} 27. dxe4 {[%clk 0:46:31]} Bxd7
{[%clk 0:35:38]} 28. Rxd7 {[%clk 0:46:59]} c4 {[%clk 0:31:54]} 29. g4
{[%clk 0:44:43]} Rad8 {[%clk 0:27:49]} 30. e5 {[%clk 0:41:40]} Qc6
{[%clk 0:23:43]} 31. Rxe7 {[%clk 0:41:23]} Qc5+ {[%clk 0:24:04]} 32. Qe3
{[%clk 0:40:32]} Qxe7 {[%clk 0:24:17]} 33. Qxb6 {[%clk 0:40:32]} Rb8
{[%clk 0:24:12]} 34. Qf2 {[%clk 0:38:27]} Qb7 {[%clk 0:21:21]} 35. Re2
{[%clk 0:37:44]} Qb6 {[%clk 0:21:26]} 36. e6 {[%clk 0:36:45]} Kg8
{[%clk 0:20:10]} 37. Kg2 {[%clk 0:34:58]} Qxf2+ {[%clk 0:20:22]} 38. Rxf2
{[%clk 0:35:27]} Rb7 {[%clk 0:20:32]} 39. Kg3 {[%clk 0:34:58]} Rfb8
{[%clk 0:20:34]} 40. Rf4 {[%clk 0:35:16]} Rc8 {[%clk 0:20:14]} 41. Rf2
{[%clk 0:35:42]} Kf8 {[%clk 0:20:00]} 42. h4 {[%clk 0:35:56]} Ke7
{[%clk 0:19:40]} 43. g5 Rc5 {[%clk 0:18:42]} 44. Kg4 {[%clk 0:32:43]} Ra5
{[%clk 0:14:19]} 45. f6+ {[%clk 0:27:49]} Kxe6 {[%clk 0:13:51]} 46. fxg7
{[%clk 0:28:01]} Rxg7 {[%clk 0:13:37]} 47. Rf6+ {[%clk 0:28:30]} Ke7
{[%clk 0:13:05]} 48. Rxh6 {[%clk 0:28:52]} Rxa4 {[%clk 0:12:43]} 49. Rb6
{[%clk 0:28:42]} Ra1 {[%clk 0:12:13]} 50. Kh5 {[%clk 0:27:27]} Rh7+
{[%clk 0:11:52]} 51. Rh6 {[%clk 0:26:06]} Rxh6+ {[%clk 0:10:23]} 52. Kxh6
{[%clk 0:26:35]} Kf7 {[%clk 0:09:59]} 53. g6+ {[%clk 0:15:24]} Kg8
{[%clk 0:09:53]} 54. Kg5 {[%clk 0:14:54]} Kg7 {[%clk 0:09:31]} 55. h5
{[%clk 0:15:06]} Ra5+ {[%clk 0:09:49]} 56. Kg4 {[%clk 0:14:56]} Kh6
{[%clk 0:10:11]} 0-1

[Event "Malopolskie Chess Tour - Grupa Seniorska"]
[Site "Poronin"]
[Date "2022.01.08"]
[Round "6.3"]
[White "Marszalek, Jakub"]
[Black "Minko, Janusz"]
[Result "0-1"]
[BlackElo "1746"]
[WhiteElo "1406"]
[LiveChessVersion "1.4.8"]

1. Nf3 {[%clk 1:30:54]} Nf6 {[%clk 1:30:43]} 2. e3 {[%clk 1:30:54]} d5
{[%clk 1:30:39]} 3. h3 {[%clk 1:31:03]} g6 {[%clk 1:30:55]} 4. d3
{[%clk 1:30:44]} Bg7 {[%clk 1:31:15]} 5. Nc3 {[%clk 1:30:53]} O-O
{[%clk 1:30:20]} 6. Ne2 {[%clk 1:31:02]} c5 {[%clk 1:30:02]} 7. Ng3
{[%clk 1:31:18]} Nc6 {[%clk 1:29:16]} 8. Be2 {[%clk 1:31:25]} e5 {[%clk 1:28:34]}
9. O-O {[%clk 1:31:26]} Re8 {[%clk 1:26:21]} 10. Bd2 {[%clk 1:31:06]} e4
{[%clk 1:23:54]} 11. Nh2 {[%clk 1:31:16]} Be6 {[%clk 1:19:22]} 12. a3
{[%clk 1:30:50]} Qc7 {[%clk 1:15:43]} 13. Ng4 {[%clk 1:30:13]} Nxg4
{[%clk 1:14:50]} 14. hxg4 {[%clk 1:30:37]} Bxb2 {[%clk 1:14:35]} 15. Rb1
{[%clk 1:30:33]} Be5 {[%clk 1:10:29]} 16. Kh2 {[%clk 1:30:07]} Rab8
{[%clk 1:05:42]} 17. Be1 {[%clk 1:29:38]} Bxg3+ {[%clk 1:01:14]} 18. fxg3
{[%clk 1:29:54]} Ne5 {[%clk 0:55:12]} 19. Bc3 {[%clk 1:26:56]} Qd6
{[%clk 0:49:29]} 20. dxe4 {[%clk 1:26:42]} Red8 {[%clk 0:43:11]} 21. exd5
{[%clk 1:26:35]} Qc7 {[%clk 0:40:52]} 22. Rf4 {[%clk 1:21:31]} Rxd5
{[%clk 0:39:30]} 23. Qf1 {[%clk 1:20:56]} g5 {[%clk 0:34:34]} 24. Re4
{[%clk 1:21:05]} Nd7 {[%clk 0:29:50]} 25. Qf2 {[%clk 1:20:37]} Rf8
{[%clk 0:27:42]} 26. Rf1 {[%clk 1:19:15]} Qc6 {[%clk 0:26:29]} 27. Bc4
{[%clk 1:18:52]} Rd2 {[%clk 0:23:39]} 28. Qxd2 {[%clk 1:18:01]} Qxe4
{[%clk 0:23:55]} 29. Bd3 {[%clk 1:16:40]} Qxg4 {[%clk 0:23:29]} 30. Bb2 c4
{[%clk 0:18:10]} 31. Be2 {[%clk 1:15:59]} Qe4 {[%clk 0:18:34]} 32. Bf3
{[%clk 1:15:25]} Qg6 {[%clk 0:18:23]} 33. Bxb7 {[%clk 1:15:20]} f6
{[%clk 0:17:16]} 34. Bf3 {[%clk 1:12:55]} g4 {[%clk 0:15:15]} 35. Be2
{[%clk 1:13:12]} Nc5 {[%clk 0:14:20]} 36. Rf4 {[%clk 1:09:48]} Ne4
{[%clk 0:12:23]} 37. Qd4 {[%clk 1:09:33]} Qh6+ {[%clk 0:09:19]} 38. Kg1
{[%clk 1:09:50]} Nxg3 {[%clk 0:09:42]} 39. Rxg4+ {[%clk 1:08:14]} Bxg4
{[%clk 0:09:41]} 40. Bxg4 {[%clk 1:06:30]} Kg7 {[%clk 0:09:23]} 41. Be6
{[%clk 1:05:16]} Ne2+ {[%clk 0:09:39]} 42. Kf2 {[%clk 1:05:28]} Nxd4
{[%clk 0:10:07]} 43. Bxd4 {[%clk 1:05:33]} Qh4+ {[%clk 0:10:05]} 44. Ke2
{[%clk 1:05:01]} c3 {[%clk 0:10:20]} 45. Bxc3 {[%clk 1:04:35]} Qe4
{[%clk 0:10:32]} 46. Bh3 {[%clk 1:03:58]} Qxc2+ {[%clk 0:10:57]} 47. Bd2
{[%clk 1:03:55]} Rd8 {[%clk 0:11:18]} 0-1

[Event "Malopolskie Chess Tour - Grupa Seniorska"]
[Site "Poronin"]
[Date "2022.01.09"]
[Round "7.1"]
[White "Kucharski, Tadeusz"]
[Black "Marszalek, Jakub"]
[Result "1-0"]
[BlackElo "1406"]
[WhiteElo "1601"]
[LiveChessVersion "1.4.8"]

1. e4 {[%clk 1:30:56]} c5 {[%clk 1:13:44]} 2. Bc4 {[%clk 1:29:10]} e6
{[%clk 1:13:36]} 3. Nc3 {[%clk 1:28:03]} Nc6 {[%clk 1:13:50]} 4. Nf3
{[%clk 1:27:53]} Be7 {[%clk 1:14:05]} 5. a3 {[%clk 1:27:11]} a6 {[%clk 1:14:22]}
6. O-O {[%clk 1:24:46]} d6 {[%clk 1:14:23]} 7. d4 {[%clk 1:22:11]} cxd4
{[%clk 1:14:40]} 8. Nxd4 {[%clk 1:22:23]} Ne5 {[%clk 1:14:49]} 9. Ba2
{[%clk 1:21:55]} Bf6 {[%clk 1:13:55]} 10. Nde2 {[%clk 1:20:56]} Nc6
{[%clk 1:14:01]} 11. Be3 {[%clk 1:20:33]} Nge7 {[%clk 1:14:06]} 12. Qe1
{[%clk 1:19:53]} b5 {[%clk 1:14:16]} 13. Rd1 {[%clk 1:19:40]} Qc7
{[%clk 1:14:29]} 14. f3 {[%clk 1:18:53]} O-O {[%clk 1:14:51]} 15. Qf2
{[%clk 1:18:39]} Ng6 {[%clk 1:14:44]} 16. Kh1 {[%clk 1:15:48]} Bb7
{[%clk 1:15:03]} 17. Rd2 {[%clk 1:15:25]} Rad8 {[%clk 1:14:42]} 18. Bb6
{[%clk 1:15:29]} Qb8 {[%clk 1:14:47]} 19. Bxd8 {[%clk 1:15:40]} Rxd8
{[%clk 1:15:07]} 20. Rfd1 {[%clk 1:15:39]} h6 {[%clk 1:14:10]} 21. Qb6
{[%clk 1:12:08]} Kh7 {[%clk 1:13:56]} 22. Bb1 {[%clk 1:11:05]} Kg8
{[%clk 1:13:46]} 23. b3 {[%clk 1:08:16]} Qc8 {[%clk 1:14:02]} 24. Na2
{[%clk 1:07:01]} Qb8 {[%clk 1:13:49]} 25. Nb4 {[%clk 1:06:54]} Nxb4
{[%clk 1:14:01]} 26. axb4 {[%clk 1:07:11]} Ne5 {[%clk 1:13:17]} 27. Rxd6
{[%clk 1:06:30]} Rxd6 {[%clk 1:13:19]} 28. Qxd6 {[%clk 1:05:20]} Qc8
{[%clk 1:12:51]} 29. h3 {[%clk 1:02:22]} Ng6 {[%clk 1:12:54]} 30. Qd7
{[%clk 1:01:21]} Qb8 {[%clk 1:13:03]} 31. Qd6 {[%clk 0:59:28]} Qc8
{[%clk 1:12:27]} 32. c3 {[%clk 0:55:17]} Ne5 {[%clk 1:12:32]} 33. f4
{[%clk 0:54:31]} Nc6 {[%clk 1:12:47]} 34. e5 {[%clk 0:54:04]} Be7
{[%clk 1:13:07]} 35. Qd7 {[%clk 0:54:09]} Qa8 {[%clk 1:12:46]} 36. Be4
{[%clk 0:53:59]} Kf8 {[%clk 1:12:36]} 37. Nd4 {[%clk 0:51:48]} Nd8
{[%clk 1:11:48]} 38. Bxb7 {[%clk 0:51:19]} Qxb7 {[%clk 1:09:48]} 39. Qxb7
{[%clk 0:51:15]} Nxb7 {[%clk 1:10:11]} 40. Nc6 {[%clk 0:51:33]} Ke8
{[%clk 1:10:02]} 41. Nxe7 {[%clk 0:51:37]} Kxe7 {[%clk 1:10:19]} 42. Ra1
{[%clk 0:51:58]} 1-0

[Event "Malopolskie Chess Tour - Grupa Seniorska"]
[Site "Poronin"]
[Date "2022.01.09"]
[Round "7.2"]
[White "Zarow, Zdzislaw"]
[Black "Minko, Janusz"]
[Result "0-1"]
[BlackElo "1746"]
[WhiteElo "1672"]
[LiveChessVersion "1.4.8"]

1. e4 {[%clk 1:30:58]} c5 {[%clk 1:30:49]} 2. Nf3 {[%clk 1:30:17]} Nc6
{[%clk 1:30:50]} 3. d4 {[%clk 1:30:19]} cxd4 {[%clk 1:31:18]} 4. Nxd4
{[%clk 1:30:44]} Nf6 {[%clk 1:30:14]} 5. Nxc6 {[%clk 1:30:52]} bxc6
{[%clk 1:30:32]} 6. Nc3 {[%clk 1:30:19]} e5 {[%clk 1:26:17]} 7. Bc4
{[%clk 1:30:29]} Be7 {[%clk 1:08:13]} 8. O-O {[%clk 1:28:15]} O-O
{[%clk 1:07:53]} 9. Bg5 {[%clk 1:26:57]} Nxe4 {[%clk 1:04:36]} 10. Bxe7
{[%clk 1:25:17]} Nxc3 {[%clk 1:05:03]} 11. Qd6 {[%clk 1:22:16]} Ne4
{[%clk 1:03:20]} 12. Qxe5 {[%clk 1:22:17]} Re8 {[%clk 1:03:05]} 13. Qxe4
{[%clk 1:16:49]} Rxe7 {[%clk 1:02:49]} 14. Qh4 {[%clk 1:16:47]} Qe8
{[%clk 1:00:43]} 15. f3 {[%clk 1:15:49]} d5 {[%clk 0:59:57]} 16. Bd3
{[%clk 1:16:17]} g6 {[%clk 0:59:50]} 17. Rfe1 {[%clk 1:16:31]} Rxe1+
{[%clk 0:51:41]} 18. Rxe1 {[%clk 1:16:51]} Be6 {[%clk 0:50:33]} 19. f4
{[%clk 1:16:12]} Qd8 {[%clk 0:47:02]} 20. Qxd8+ {[%clk 1:14:29]} Rxd8
{[%clk 0:47:30]} 21. b4 {[%clk 1:12:47]} c5 {[%clk 0:43:50]} 22. bxc5
{[%clk 1:11:59]} Rc8 {[%clk 0:42:57]} 23. Rb1 {[%clk 1:11:37]} Rxc5
{[%clk 0:43:14]} 24. Rb5 {[%clk 1:10:39]} Rxb5 {[%clk 0:40:06]} 25. Bxb5
{[%clk 1:11:03]} Kf8 {[%clk 0:27:43]} 26. Kf2 {[%clk 1:08:28]} d4
{[%clk 0:28:03]} 27. a3 {[%clk 1:08:50]} Ke7 {[%clk 0:26:36]} 28. Ke2
{[%clk 1:06:53]} Kd6 {[%clk 0:26:42]} 29. g3 {[%clk 1:03:22]} Kc5
{[%clk 0:24:11]} 30. Ba4 {[%clk 1:03:32]} Kc4 {[%clk 0:21:51]} 31. Kd2
{[%clk 1:04:00]} Kc5 {[%clk 0:21:30]} 32. Bb3 {[%clk 1:04:00]} Bd5
{[%clk 0:16:41]} 33. Kd3 {[%clk 1:02:53]} f5 {[%clk 0:16:34]} 34. h3
{[%clk 1:02:27]} Be4+ {[%clk 0:15:42]} 35. Kd2 {[%clk 1:02:56]} Bd5
{[%clk 0:15:55]} 36. Bxd5 {[%clk 1:01:32]} Kxd5 {[%clk 0:16:23]} 37. Kd3
{[%clk 1:01:40]} h6 {[%clk 0:15:19]} 38. h4 {[%clk 1:02:05]} h5 {[%clk 0:15:31]}
39. a4 {[%clk 1:01:10]} a5 {[%clk 0:15:27]} 40. c3 dxc3 {[%clk 0:15:50]} 41. Kxc3
{[%clk 1:00:57]} Kc5 {[%clk 0:15:21]} 42. Kd3 {[%clk 0:56:20]} Kb4
{[%clk 0:14:54]} 43. Kd4 {[%clk 0:56:35]} Kxa4 {[%clk 0:14:57]} 44. Ke5
{[%clk 0:55:56]} Kb5 {[%clk 0:14:49]} 45. Kf6 {[%clk 0:55:58]} a4
{[%clk 0:15:05]} 46. Kxg6 {[%clk 0:56:17]} a3 {[%clk 0:15:23]} 47. Kxh5
{[%clk 0:55:56]} a2 {[%clk 0:15:51]} 48. Kg6 {[%clk 0:56:07]} a1=Q
{[%clk 0:16:02]} 49. Kxf5 {[%clk 0:55:58]} Qe1 {[%clk 0:13:12]} 50. h5
{[%clk 0:52:44]} Qxg3 {[%clk 0:12:51]} 51. h6 {[%clk 0:53:04]} Qh4
{[%clk 0:11:46]} 52. Kg6 {[%clk 0:52:43]} Qg4+ {[%clk 0:11:48]} 53. Kh7
{[%clk 0:51:05]} Qxf4 {[%clk 0:12:11]} 54. Kg7 {[%clk 0:51:19]} Qg5+
{[%clk 0:11:57]} 55. h7 0-1

[Event "Malopolskie Chess Tour - Grupa Seniorska"]
[Site "Poronin"]
[Date "2022.01.09"]
[Round "7.3"]
[White "Sadzikowski, Marian"]
[Black "Szydlowski, Kazimierz"]
[Result "0-1"]
[BlackElo "1749"]
[WhiteElo "1763"]
[LiveChessVersion "1.4.8"]

1. e4 {[%clk 1:30:59]} c5 {[%clk 1:30:55]} 2. f4 {[%clk 1:31:20]} Nc6
{[%clk 1:30:31]} 3. Nf3 {[%clk 1:31:46]} g6 {[%clk 1:30:39]} 4. d3
{[%clk 1:32:12]} Bg7 {[%clk 1:30:45]} 5. c3 {[%clk 1:32:38]} d5 {[%clk 1:29:51]}
6. e5 {[%clk 1:33:01]} h5 {[%clk 1:26:49]} 7. Be2 {[%clk 1:33:24]} Nh6
{[%clk 1:26:32]} 8. O-O {[%clk 1:33:48]} Nf5 {[%clk 1:24:23]} 9. Na3
{[%clk 1:33:59]} a6 {[%clk 1:22:28]} 10. Nc2 {[%clk 1:34:16]} b6 {[%clk 1:21:27]}
11. Qe1 {[%clk 1:34:31]} d4 {[%clk 1:11:30]} 12. c4 {[%clk 1:34:16]} Qc7
{[%clk 1:04:11]} 13. Ng5 {[%clk 1:30:55]} Bh6 {[%clk 1:01:37]} 14. Ne4
{[%clk 1:30:06]} Nd8 {[%clk 0:54:17]} 15. Bf3 {[%clk 1:30:09]} Bb7
{[%clk 0:54:14]} 16. b4 {[%clk 1:28:46]} O-O {[%clk 0:50:46]} 17. bxc5
{[%clk 1:28:22]} bxc5 {[%clk 0:50:42]} 18. Rb1 {[%clk 1:26:08]} Rb8
{[%clk 0:49:15]} 19. Bd2 {[%clk 1:25:17]} Ne6 {[%clk 0:46:53]} 20. g3
{[%clk 1:23:14]} Bc6 {[%clk 0:44:30]} 21. Rb3 {[%clk 1:20:30]} Ba4
{[%clk 0:42:53]} 22. Rxb8 {[%clk 1:17:36]} Rxb8 {[%clk 0:43:06]} 23. Qc1
{[%clk 1:17:59]} Qb6 {[%clk 0:40:49]} 24. Bd1 {[%clk 1:13:13]} Bxc2
{[%clk 0:35:11]} 25. Bxc2 {[%clk 1:12:08]} a5 {[%clk 0:29:43]} 26. Qa3
{[%clk 1:12:08]} Qb2 {[%clk 0:29:08]} 27. Qa4 {[%clk 1:06:28]} Ne3
{[%clk 0:23:12]} 28. Rb1 {[%clk 1:06:10]} Qxb1+ {[%clk 0:22:47]} 29. Bxb1
{[%clk 1:06:28]} Rxb1+ {[%clk 0:23:08]} 30. Kf2 {[%clk 1:06:45]} Rf1+
{[%clk 0:22:25]} 31. Ke2 {[%clk 1:07:02]} Rh1 {[%clk 0:21:03]} 32. Bxe3
{[%clk 1:06:46]} dxe3 {[%clk 0:21:24]} 33. Kxe3 {[%clk 1:06:51]} Rxh2
{[%clk 0:21:06]} 34. Qxa5 {[%clk 1:06:27]} h4 {[%clk 0:21:19]} 35. gxh4
{[%clk 1:03:56]} Bxf4+ {[%clk 0:20:26]} 36. Kf3 {[%clk 1:04:15]} Bxe5
{[%clk 0:19:59]} 37. Nxc5 {[%clk 1:03:36]} Nd4+ {[%clk 0:19:29]} 38. Ke4
{[%clk 1:02:36]} Rxh4+ {[%clk 0:18:56]} 39. Kd5 {[%clk 1:00:47]} e6+
{[%clk 0:19:01]} 40. Nxe6 {[%clk 1:01:00]} fxe6+ {[%clk 0:19:12]} 41. Kc5
{[%clk 1:01:22]} Rh5 {[%clk 0:15:53]} 42. Qa8+ {[%clk 1:00:54]} Kf7
{[%clk 0:14:07]} 43. Kb6 {[%clk 1:00:28]} Nf5 {[%clk 0:13:59]} 44. a4
{[%clk 0:58:29]} Rh8 {[%clk 0:13:58]} 45. Qf3 {[%clk 0:56:58]} Rb8+
{[%clk 0:12:51]} 46. Ka7 {[%clk 0:57:16]} Rb3 {[%clk 0:10:37]} 47. Ka6
{[%clk 0:51:22]} Bd4 {[%clk 0:10:11]} 48. a5 {[%clk 0:48:26]} Ke8
{[%clk 0:09:43]} 49. c5 {[%clk 0:46:34]} Kd7 {[%clk 0:08:01]} 50. Qd1
{[%clk 0:46:40]} Rb4 {[%clk 0:06:31]} 51. Qc2 {[%clk 0:41:44]} Ne7
{[%clk 0:06:32]} 52. Qg2 {[%clk 0:40:14]} Bxc5 {[%clk 0:06:11]} 53. d4
{[%clk 0:39:01]} Bd6 {[%clk 0:04:16]} 54. d5 {[%clk 0:35:43]} Nxd5
{[%clk 0:03:53]} 55. Qf2 {[%clk 0:34:48]} Nc7+ {[%clk 0:03:40]} 56. Ka7
{[%clk 0:35:12]} Rb5 {[%clk 0:03:20]} 57. Qf7+ {[%clk 0:35:02]} Kc6
{[%clk 0:03:27]} 58. Qf3+ {[%clk 0:35:07]} Rd5 {[%clk 0:03:26]} 59. Qc3+
{[%clk 0:34:12]} Bc5+ {[%clk 0:03:43]} 60. Kb8 {[%clk 0:34:34]} Rd8#
{[%clk 0:04:05]} 0-1

[Event "Malopolskie Chess Tour - Grupa Seniorska"]
[Site "Poronin"]
[Date "2022.01.10"]
[Round "8.1"]
[White "Marszalek, Jakub"]
[Black "Kucharski, Tadeusz"]
[Result "1-0"]
[BlackElo "1601"]
[WhiteElo "1406"]
[LiveChessVersion "1.4.8"]

1. Nf3 {[%clk 1:30:51]} e6 {[%clk 1:30:16]} 2. e3 {[%clk 1:30:39]} d5
{[%clk 1:30:13]} 3. a3 {[%clk 1:30:37]} g6 {[%clk 1:29:20]} 4. Nc3
{[%clk 1:30:20]} Bg7 {[%clk 1:29:19]} 5. d4 {[%clk 1:30:05]} Ne7 {[%clk 1:26:49]}
6. Bd3 {[%clk 1:29:42]} Nd7 {[%clk 1:26:33]} 7. Ne2 {[%clk 1:29:53]} c5
{[%clk 1:23:15]} 8. c3 {[%clk 1:29:59]} c4 {[%clk 1:21:21]} 9. Bc2
{[%clk 1:30:06]} b6 {[%clk 1:20:35]} 10. Ng3 {[%clk 1:29:48]} Bb7
{[%clk 1:20:26]} 11. h3 {[%clk 1:29:26]} Nf5 {[%clk 1:19:47]} 12. Nxf5
{[%clk 1:28:47]} exf5 {[%clk 1:20:03]} 13. O-O {[%clk 1:28:48]} O-O
{[%clk 1:20:19]} 14. Nh2 {[%clk 1:28:41]} Nf6 {[%clk 1:18:59]} 15. Qf3
{[%clk 1:26:22]} b5 {[%clk 1:18:24]} 16. g4 {[%clk 1:25:57]} fxg4
{[%clk 1:18:19]} 17. hxg4 {[%clk 1:26:06]} Re8 {[%clk 1:17:00]} 18. Kg2
{[%clk 1:25:38]} Qd7 {[%clk 1:16:41]} 19. Rh1 {[%clk 1:25:43]} Bc8
{[%clk 1:16:16]} 20. g5 {[%clk 1:23:22]} Nh5 {[%clk 1:14:04]} 21. Bd2
{[%clk 1:23:15]} f5 {[%clk 1:12:27]} 22. Rag1 {[%clk 1:22:16]} Re7
{[%clk 1:09:10]} 23. Nf1 {[%clk 1:21:59]} a6 {[%clk 1:06:19]} 24. Ng3
{[%clk 1:21:20]} Nxg3 {[%clk 1:06:28]} 25. Qxg3 {[%clk 1:21:26]} Ra7
{[%clk 1:05:51]} 26. Bd1 {[%clk 1:21:06]} Qe6 27. Rh4 Rad7 {[%clk 0:58:18]} 28.
Rgh1 {[%clk 1:21:07]} Bh8 {[%clk 0:58:13]} 29. Bf3 {[%clk 1:19:49]} Qd6
{[%clk 0:57:02]} 30. Qh3 {[%clk 1:19:10]} Bb7 {[%clk 0:56:59]} 31. Kf1
{[%clk 1:17:19]} Rf7 32. Bd1 Rde7 {[%clk 0:53:36]} 33. Rh6 {[%clk 1:17:21]} Rg7
{[%clk 0:53:11]} 34. Qxf5 {[%clk 1:17:13]} gxf5 {[%clk 0:50:16]} 35. Rxd6
{[%clk 1:17:22]} Rxg5 {[%clk 0:50:05]} 36. e4 {[%clk 1:16:58]} Rg6
{[%clk 0:50:21]} 37. Rd8+ {[%clk 1:16:12]} Kg7 {[%clk 0:50:37]} 38. e5
{[%clk 1:16:10]} Bc6 {[%clk 0:49:06]} 39. Bf3 {[%clk 1:16:13]} Rd7
{[%clk 0:47:31]} 40. Rxd7+ {[%clk 1:16:13]} Bxd7 {[%clk 0:47:47]} 41. Bxd5
{[%clk 1:16:38]} Be6 {[%clk 0:46:25]} 42. Bxe6 {[%clk 1:16:40]} Rxe6
{[%clk 0:46:39]} 43. Bg5 {[%clk 1:16:40]} Kg6 {[%clk 0:45:03]} 44. Rh6+
{[%clk 1:16:31]} Kf7 {[%clk 0:45:11]} 45. Rxh7+ {[%clk 1:16:33]} Kg8 46. Rb7 Bxe5
{[%clk 0:43:45]} 47. dxe5 {[%clk 1:16:39]} Rxe5 {[%clk 0:44:07]} 48. Be3
{[%clk 1:16:06]} a5 {[%clk 0:43:35]} 49. Kg2 {[%clk 1:16:13]} a4 {[%clk 0:43:49]}
50. Kf3 {[%clk 1:16:36]} Kf8 {[%clk 0:43:15]} 51. Kf4 {[%clk 1:16:55]} Rd5
{[%clk 0:43:29]} 52. Bd4 {[%clk 1:17:03]} Ke8 {[%clk 0:43:15]} 53. Rb6
{[%clk 1:16:00]} Ke7 {[%clk 0:42:42]} 54. Rh6 {[%clk 1:16:06]} Ke8
{[%clk 0:42:04]} 55. Rc6 1-0